[Event "4NCL/Div4/NOTT1 vs. BRJ"]
[Site "Sunningdale ENG"]
[Date "2008.03.15"]
[Round "7.1"]
[White "Richmond, Robert J"]
[Black "Richmond, Peter A"]
[Result "0-1"]
[WhiteElo "2260"]
[BlackElo "2268"]
[PlyCount "98"]
[EventDate "2008.03.15"]
[EventType "team"]
[EventRounds "11"]
[EventCountry "ENG"]
[SourceDate "2007.09.15"]

1. d4 Nf6 2. c4 g6 3. Nc3 Bg7 4. e4 d6 5. f4 O-O 6. Nf3 c5 7. d5 e6 8. Be2 exd5
9. cxd5 Bg4 10. O-O a6 11. a4 Nbd7 12. h3 Bxf3 13. Bxf3 Rb8 14. Re1 Ne8 15. a5
b5 16. axb6 Qxb6 17. Re2 Nc7 18. Qa4 Nb5 19. Nxb5 axb5 20. Qa7 Rfd8 21. Qxb6
Nxb6 22. Ra6 c4 23. Kf1 Bd4 24. Be3 Bxe3 25. Rxe3 Na4 26. Re2 Nc5 27. Ra1 Nd3
28. g3 f6 29. Rd2 Nc5 30. Rc2 Re8 31. Re2 Nd3 32. Rc2 Ra8 33. Rb1 Ra2 34. Ke2
f5 35. Ke3 fxe4 36. Bg4 Nc5 37. Kd4 Kg7 38. Re1 Kf6 39. Bf3 Re7 40. Bg4 Rea7
41. h4 Ra1 42. Rxa1 Rxa1 43. Rg2 h5 44. Bc8 Rd1+ 45. Kc3 Rd3+ 46. Kb4 Rb3+ 47.
Ka5 Nd3 48. Re2 Rxb2 49. Rxe4 Nc5 0-1

[Event "4NCL/Div4/NOTT1 vs. BRJ"]
[Site "Sunningdale ENG"]
[Date "2008.03.15"]
[Round "7.2"]
[White "Headlong, Timothy"]
[Black "Mercs, Peter J"]
[Result "1/2-1/2"]
[WhiteElo "2205"]
[BlackElo "2086"]
[PlyCount "76"]
[EventDate "2008.03.15"]
[EventType "team"]
[EventRounds "11"]
[EventCountry "ENG"]
[SourceDate "2007.09.15"]

1. Nf3 c5 2. c4 Nf6 3. g3 e6 4. Nc3 d6 5. Bg2 Be7 6. O-O O-O 7. d4 cxd4 8. Nxd4
a6 9. b3 Qc7 10. Bb2 Nc6 11. Rc1 Ne5 12. Qd2 Bd7 13. Kh1 Rac8 14. e4 Qb8 15. f4
Ng6 16. f5 Ne5 17. Bh3 Nfg4 18. Qe2 h5 19. Nf3 Nxf3 20. Qxf3 exf5 21. Nd5 Bg5
22. exf5 Bc6 23. Rce1 Bxd5 24. Qxd5 Nf6 25. Qd3 b5 26. cxb5 axb5 27. Rd1 Qa8+
28. Bg2 Qxa2 29. h4 Qxb2 30. hxg5 Ng4 31. Rd2 Qc3 32. Qxc3 Rxc3 33. Rxd6 Re8
34. g6 Rxg3 35. Bd5 Rh3+ 36. Kg1 Rg3+ 37. Kh1 Rh3+ 38. Kg1 Rg3+ 1/2-1/2

[Event "4NCL/Div4/NOTT1 vs. BRJ"]
[Site "Sunningdale ENG"]
[Date "2008.03.15"]
[Round "7.3"]
[White "Truman, Richard G"]
[Black "Hall, Daniel J"]
[Result "1/2-1/2"]
[WhiteElo "2031"]
[BlackElo "2124"]
[PlyCount "84"]
[EventDate "2008.03.15"]
[EventType "team"]
[EventRounds "11"]
[EventCountry "ENG"]
[SourceDate "2007.09.15"]

1. d4 Nf6 2. c4 e6 3. Nc3 Bb4 4. e3 b6 5. Nge2 Bb7 6. a3 Bxc3+ 7. Nxc3 O-O 8.
Bd3 c5 9. O-O Nc6 10. d5 Ne5 11. Be2 exd5 12. cxd5 Re8 13. e4 Ng6 14. Qd3 Qe7
15. f3 d6 16. Be3 Rab8 17. Qd2 a6 18. a4 h6 19. Rae1 Bc8 20. b3 Qd7 21. f4 Nxe4
22. Nxe4 Rxe4 23. Bd3 Re8 24. f5 Ne5 25. f6 Nxd3 26. Qxd3 g5 27. h4 Qg4 28.
hxg5 hxg5 29. Bxg5 Rxe1 30. Rxe1 Bf5 31. Qd2 Be4 32. Bf4 Qf5 33. Bxd6 Rd8 34.
Qh6 Qg6 35. Qxg6+ Bxg6 36. Bc7 Rxd5 37. Bxb6 Bc2 38. Re3 Rf5 39. Bd8 Kh7 40.
Rc3 Bd1 41. Be7 Kg6 42. a5 Kg5 1/2-1/2

[Event "4NCL/Div4/NOTT1 vs. BRJ"]
[Site "Sunningdale ENG"]
[Date "2008.03.15"]
[Round "7.4"]
[White "Rabbitt, Michael"]
[Black "Kingston, Ian"]
[Result "0-1"]
[WhiteElo "2110"]
[BlackElo "2025"]
[PlyCount "108"]
[EventDate "2008.03.15"]
[EventType "team"]
[EventRounds "11"]
[EventCountry "ENG"]
[SourceDate "2007.09.15"]

1. e4 e5 2. d4 exd4 3. Qxd4 Nc6 4. Qe3 b6 5. Nc3 Bb7 6. Bd2 Nf6 7. O-O-O Qe7 8.
Qg3 O-O-O 9. Bg5 Qc5 10. Nb5 Nb4 11. Qxc7+ Qxc7 12. Nxc7 Kxc7 13. a3 Nc6 14. f3
Be7 15. Bc4 Rhf8 16. Ne2 h6 17. Bf4+ Kc8 18. Nc3 Nh5 19. Be3 f5 20. exf5 Rxf5
21. Rhe1 Nf4 22. Rd2 Ne6 23. Red1 Nc7 24. b4 Ne5 25. Bf1 d5 26. Kb2 Nc4+ 27.
Bxc4 dxc4 28. Ne2 Rxd2 29. Rxd2 Bf6+ 30. c3 Rd5 31. a4 Rxd2+ 32. Bxd2 a6 33.
Be3 b5 34. axb5 axb5 35. Ng3 Nd5 36. Bd2 Kd7 37. Kc2 Ne7 38. Be3 Ke6 39. Ne2
Nf5 40. Bf2 g5 41. Kd2 Nd6 42. Bg3 g4 43. Bf4 gxf3 44. gxf3 Bxf3 45. Ng1 Bh5
46. Kc2 Bg6+ 47. Kb2 Bg5 48. Bg3 Ne4 49. Be1 Bd2 50. Bxd2 Nxd2 51. Ne2 Be8 52.
Kc2 Nf3 53. h3 Ke5 54. Ng3 Bd7 0-1

[Event "4NCL/Div4/NOTT1 vs. BRJ"]
[Site "Sunningdale ENG"]
[Date "2008.03.15"]
[Round "7.5"]
[White "Webster, Richard J"]
[Black "Bourne, Johnathan"]
[Result "1/2-1/2"]
[WhiteElo "1989"]
[BlackElo "2087"]
[PlyCount "40"]
[EventDate "2008.03.15"]
[EventType "team"]
[EventRounds "11"]
[EventCountry "ENG"]
[SourceDate "2007.09.15"]

1. e4 c6 2. d4 d5 3. exd5 cxd5 4. c4 Nf6 5. Nc3 e6 6. Nf3 Bb4 7. Bg5 Qa5 8. Bd2
Ne4 9. Nxe4 dxe4 10. Bxb4 Qxb4+ 11. Nd2 Nc6 12. Qb3 Nxd4 13. Qxb4 Nc2+ 14. Kd1
Nxb4 15. Nxe4 Ke7 16. a3 Rd8+ 17. Ke2 Nc2 18. Rc1 Nd4+ 19. Ke3 f5 20. Nc3 g5
1/2-1/2

[Event "4NCL/Div4/NOTT1 vs. BRJ"]
[Site "Sunningdale ENG"]
[Date "2008.03.15"]
[Round "7.6"]
[White "Tomboline, David"]
[Black "Wright, Antony J"]
[Result "1/2-1/2"]
[WhiteElo "2027"]
[BlackElo "1995"]
[PlyCount "27"]
[EventDate "2008.03.15"]
[EventType "team"]
[EventRounds "11"]
[EventCountry "ENG"]
[SourceDate "2007.09.15"]

1. d4 d5 2. Bf4 Nf6 3. e3 Bf5 4. Bd3 Bxd3 5. Qxd3 c6 6. Nf3 Nbd7 7. h3 Ne4 8.
O-O e6 9. c4 Bd6 10. Bxd6 Nxd6 11. Nbd2 O-O 12. c5 Ne8 13. b4 a6 14. a4 1/2-1/2

[Event "4NCL/Div4/BCA vs. ATH"]
[Site "Sunningdale ENG"]
[Date "2008.03.15"]
[Round "7.1"]
[White "Crouch, Colin"]
[Black "Hopper, Paul"]
[Result "1/2-1/2"]
[WhiteElo "2357"]
[BlackElo "2177"]
[PlyCount "93"]
[EventDate "2008.03.15"]
[EventType "team"]
[EventRounds "11"]
[EventCountry "ENG"]
[SourceDate "2007.09.15"]

1. d4 Nf6 2. Nf3 e6 3. c4 Bb4+ 4. Nbd2 b6 5. g3 Bb7 6. Bg2 O-O 7. O-O d5 8. Qc2
Nbd7 9. Rd1 Bd6 10. b3 Qe7 11. Bb2 Rac8 12. Rac1 c5 13. Qb1 Rfe8 14. e3 a6 15.
cxd5 exd5 16. Nh4 g6 17. Qa1 Ng4 18. Nf1 Ndf6 19. h3 Nxf2 20. dxc5 Nxd1 21.
Bxf6 Be5 22. Bxe5 Qxe5 23. Qxe5 Rxe5 24. c6 Rxc6 25. Rxd1 Rc2 26. Nf3 Re7 27.
Rd2 Rc1 28. Kf2 Kg7 29. Nd4 a5 30. Ne2 Ra1 31. Nc3 Rc7 32. Nxd5 Rcc1 33. e4 Rd1
34. Rxd1 Rxd1 35. Nxb6 Ba6 36. Nc4 Ra1 37. a4 Bxc4 38. bxc4 Rxa4 39. Nd2 Ra1
40. c5 a4 41. c6 Rc1 42. e5 a3 43. Bd5 Rc5 44. Bb3 Rxc6 45. Nc4 f6 46. e6 Rxe6
47. Nxa3 1/2-1/2

[Event "4NCL/Div4/BCA vs. ATH"]
[Site "Sunningdale ENG"]
[Date "2008.03.15"]
[Round "7.2"]
[White "Quinn, John M"]
[Black "Mordue, A Tyson"]
[Result "0-1"]
[WhiteElo "2164"]
[BlackElo "2302"]
[PlyCount "80"]
[EventDate "2008.03.15"]
[EventType "team"]
[EventRounds "11"]
[EventCountry "ENG"]
[SourceDate "2007.09.15"]

1. d4 Nf6 2. c4 g6 3. Nc3 Bg7 4. e4 d6 5. Nf3 O-O 6. h3 e5 7. d5 Na6 8. Bg5 h6
9. Be3 Nc5 10. Nd2 a5 11. g4 c6 12. Be2 Bd7 13. h4 Rb8 14. a3 cxd5 15. cxd5 b5
16. b4 axb4 17. axb4 Na4 18. Nxa4 {=} bxa4 19. Rb1 Qc8 20. Rc1 Qb7 21. g5 hxg5
22. hxg5 Nh7 23. Rb1 Bb5 24. Bc4 Rfc8 25. Qe2 Rxc4 26. Nxc4 Qa6 27. Rc1 Rc8 28.
f4 exf4 29. Bxf4 Rxc4 30. Rxc4 Bxc4 31. Qh2 Nf8 32. Bxd6 Qb6 33. Bc5 Qd8 34.
Qh4 a3 35. Kf2 a2 36. e5 Qxd5 37. Bd4 Ne6 38. Bc3 Qd3 39. Rh3 Qf1+ 40. Kg3 Qg1+
0-1

[Event "4NCL/Div4/BCA vs. ATH"]
[Site "Sunningdale ENG"]
[Date "2008.03.15"]
[Round "7.3"]
[White "Ross, Chris"]
[Black "Pedersen, Carsten"]
[Result "1-0"]
[WhiteElo "2141"]
[BlackElo "2149"]
[PlyCount "101"]
[EventDate "2008.03.15"]
[EventType "team"]
[EventRounds "11"]
[EventCountry "ENG"]
[SourceDate "2007.09.15"]

1. d4 Nf6 2. Nf3 e6 3. c4 Nc6 4. Nc3 Bb4 5. Qc2 d6 6. Bd2 O-O 7. a3 Bxc3 8.
Bxc3 Re8 9. e3 a5 10. b3 e5 11. d5 Nb8 12. Be2 Nbd7 13. O-O b5 14. Nd2 bxc4 15.
Nxc4 a4 16. b4 Nxd5 17. Bb2 N7f6 18. Rfd1 Be6 19. Na5 Qd7 20. Bc4 Reb8 21. e4
Nb6 22. Bxe6 fxe6 23. Bxe5 Rf8 24. f3 Rac8 25. Bd4 Qb5 26. Qc6 Qg5 27. Qc1 Qb5
28. Nc6 Rce8 29. Na7 Qd7 30. Qc6 Qxc6 31. Nxc6 Nfd7 32. Rac1 Na8 33. Rc2 Rf7
34. Rdc1 Nb8 35. Nxb8 Rxb8 36. Rc6 e5 37. Be3 h6 38. Ra6 Nb6 39. Rc6 Rd7 40.
Bxb6 cxb6 41. Raxb6 Rbd8 42. Rb5 Kf7 43. Ra5 Kf8 44. h3 h5 45. h4 Rf7 46. Rxa4
d5 47. exd5 Rf4 48. Ra7 Rd4 49. Rcc7 R4xd5 50. Rf7+ Kg8 51. Rxg7+ 1-0

[Event "4NCL/Div4/BCA vs. ATH"]
[Site "Sunningdale ENG"]
[Date "2008.03.15"]
[Round "7.4"]
[White "Gruettner, Ralf"]
[Black "Lilley, Graham"]
[Result "1-0"]
[WhiteElo "2102"]
[BlackElo "2129"]
[PlyCount "75"]
[EventDate "2008.03.15"]
[EventType "team"]
[EventRounds "11"]
[EventCountry "ENG"]
[SourceDate "2007.09.15"]

1. e4 g6 2. d4 Bg7 3. Nc3 d6 4. Be3 Nd7 5. Qd2 a6 6. O-O-O b5 7. f3 Bb7 8. g4
c6 9. Kb1 Qc7 10. Nh3 Ngf6 11. Nf2 h6 12. h4 O-O-O 13. Bh3 Kb8 14. g5 hxg5 15.
hxg5 Nh5 16. f4 Nb6 17. Qd3 c5 18. d5 Nc4 19. Bc1 Nb6 20. Bg4 Bd4 21. Qf3 e6
22. dxe6 fxe6 23. Bxe6 Rde8 24. Nd5 Nxd5 25. Bxd5 Bxd5 26. exd5 Rhf8 27. Nd3
Rf5 28. c3 Bg7 29. Rde1 Rxe1 30. Rxe1 Qf7 31. Re6 c4 32. Nb4 Nxf4 33. Rxd6 Nxd5
34. Qd1 Nxb4 35. Rd8+ Kc7 36. Qd6+ Kb7 37. Rb8+ Ka7 38. Qb6# 1-0

[Event "4NCL/Div4/BCA vs. ATH"]
[Site "Sunningdale ENG"]
[Date "2008.03.15"]
[Round "7.5"]
[White "Hilton, Steve"]
[Black "Stevenson, James A B"]
[Result "0-1"]
[WhiteElo "1946"]
[BlackElo "2074"]
[PlyCount "78"]
[EventDate "2008.03.15"]
[EventType "team"]
[EventRounds "11"]
[EventCountry "ENG"]
[SourceDate "2007.09.15"]

1. d4 Nf6 2. c4 e5 3. dxe5 Ng4 4. Bf4 Nc6 5. Nf3 Bb4+ 6. Nbd2 Qe7 7. e3 Ngxe5
8. Nxe5 Nxe5 9. Be2 a5 10. O-O O-O 11. Ne4 Ng6 12. Ng3 Nxf4 13. exf4 Qf6 14.
Qc1 d6 15. a3 Bc5 16. Ne4 Qd4 17. Bf3 Ba7 18. b4 Be6 19. c5 dxc5 20. Rd1 Qc4
21. Nxc5 axb4 22. Nxe6 Qxe6 23. Qxc7 bxa3 24. Rd6 Rac8 25. Qd7 Qxd7 26. Rxd7
Bc5 27. Bxb7 Rcd8 28. Rc7 Bd6 29. Rc4 Rb8 30. Be4 Rb2 31. g3 Rfb8 32. Kg2 Rd2
33. h4 g6 34. Ra4 Rbb2 35. Kh3 Rxf2 36. Kg4 h5+ 37. Kg5 Kg7 38. Ra7 Rb5+ 39. f5
Rbxf5+ 0-1

[Event "4NCL/Div4/BCA vs. ATH"]
[Site "Sunningdale ENG"]
[Date "2008.03.15"]
[Round "7.6"]
[White "Kay, Jonathan"]
[Black "Burnell, Steve"]
[Result "1/2-1/2"]
[WhiteElo "1965"]
[BlackElo "1935"]
[PlyCount "57"]
[EventDate "2008.03.15"]
[EventType "team"]
[EventRounds "11"]
[EventCountry "ENG"]
[SourceDate "2007.09.15"]

1. e4 c6 2. d4 d5 3. exd5 cxd5 4. Bd3 Nc6 5. c3 Qc7 6. Nf3 Nf6 7. Nbd2 Bg4 8.
Qc2 e6 9. O-O Bd6 10. a3 O-O 11. h3 Bh5 12. Ng5 Bg6 13. Bxg6 hxg6 14. Ndf3 Rfe8
15. Be3 Rac8 16. Qd3 Nh5 17. g3 Rcd8 18. Rad1 Na5 19. Ne5 Bxe5 20. dxe5 Qxe5
21. f4 Qc7 22. g4 Ng3 23. Rf2 Ne4 24. Nxe4 dxe4 25. Qc2 Nc4 26. Rxd8 Rxd8 27.
Qxe4 Nxe3 28. Qxe3 Rd1+ 29. Rf1 1/2-1/2

[Event "4NCL/Div4/CELT1 vs. MET"]
[Site "Sunningdale ENG"]
[Date "2008.03.15"]
[Round "7.1"]
[White "Wippermann, Till"]
[Black "Noden, Nicolas"]
[Result "1-0"]
[WhiteElo "2435"]
[BlackElo "2151"]
[PlyCount "45"]
[EventDate "2008.03.15"]
[EventType "team"]
[EventRounds "11"]
[EventCountry "ENG"]
[SourceDate "2007.09.15"]

1. e4 d6 2. d4 g6 3. Nc3 Bg7 4. Be3 a6 5. Qd2 b5 6. f3 Nd7 7. g4 Bb7 8. Nge2
Rc8 9. h4 h6 10. Ng3 e6 11. O-O-O Ne7 12. Kb1 Nb6 13. b3 c6 14. f4 Qc7 15. f5
c5 16. dxc5 dxc5 17. Bf4 Be5 18. Bxb5+ Kf8 19. Bxe5 Qxe5 20. Qd6 Qxc3 21. Rd3
Qa5 22. f6 axb5 23. Qd8+ 1-0

[Event "4NCL/Div4/CELT1 vs. MET"]
[Site "Sunningdale ENG"]
[Date "2008.03.15"]
[Round "7.2"]
[White "Dickson, George"]
[Black "Hoffmann, Hendrik"]
[Result "0-1"]
[WhiteElo "2155"]
[BlackElo "2283"]
[PlyCount "104"]
[EventDate "2008.03.15"]
[EventType "team"]
[EventRounds "11"]
[EventCountry "ENG"]
[SourceDate "2007.09.15"]

1. e4 c5 2. b3 Nc6 3. Bb2 e5 4. Bc4 Nf6 5. Nc3 Be7 6. d3 d6 7. Nge2 a6 8. a4
Nd4 9. O-O O-O 10. Nd5 Be6 11. Nec3 Rb8 12. Nxf6+ Bxf6 13. Nd5 b5 14. axb5 axb5
15. Nxf6+ Qxf6 16. Bxe6 Nxe6 17. f4 Nxf4 18. g3 Qg6 19. Ra6 Rbd8 20. Bxe5 Nh3+
21. Kg2 Ng5 22. Qg4 Nxe4 23. Qxg6 hxg6 24. Bf4 g5 25. Bc1 Nc3 26. Bxg5 Ra8 27.
Rxd6 Ra2 28. Rc6 f6 29. Be3 Rxc2+ 30. Bf2 Rd8 31. Rxc5 Rxd3 32. Kh3 Rb2 33. Bd4
Rxb3 34. Bxf6 gxf6 35. Rxf6 Ne4 36. Rc8+ Kg7 37. Rf4 Ng5+ 38. Kg4 Ne6 39. Re4
Rd4 40. Kf5 Rxe4 41. Kxe4 Kf6 42. Rb8 Rb4+ 43. Kd3 Ke5 44. Kc3 Rc4+ 45. Kb2 Nd4
46. h4 Rc2+ 47. Kb1 Rg2 48. Rg8 Kd5 49. h5 Kc4 50. Rg4 Kb3 51. Kc1 Kc3 52. Kb1
Nb3 0-1

[Event "4NCL/Div4/CELT1 vs. MET"]
[Site "Sunningdale ENG"]
[Date "2008.03.15"]
[Round "7.3"]
[White "Kemp, Peter D"]
[Black "Calvert, D Ian"]
[Result "1/2-1/2"]
[WhiteElo "2178"]
[BlackElo "2074"]
[PlyCount "51"]
[EventDate "2008.03.15"]
[EventType "team"]
[EventRounds "11"]
[EventCountry "ENG"]
[SourceDate "2007.09.15"]

1. d4 d5 2. c4 c6 3. Nf3 Nf6 4. Nc3 dxc4 5. a4 Bf5 6. e3 e6 7. Bxc4 Bb4 8. O-O
Nbd7 9. Qe2 Bg6 10. Rd1 O-O 11. Bd2 Qe7 12. Ne5 Nxe5 13. dxe5 Nd7 14. f4 Rfd8
15. Be1 Nc5 16. Rd4 Bxc3 17. Bxc3 Ne4 18. Be1 c5 19. Rdd1 Rxd1 20. Rxd1 Rd8 21.
g4 Rxd1 22. Qxd1 f5 23. h4 Bf7 24. h5 g6 25. h6 Be8 26. g5 1/2-1/2

[Event "4NCL/Div4/CELT1 vs. MET"]
[Site "Sunningdale ENG"]
[Date "2008.03.15"]
[Round "7.4"]
[White "Djabri, Zafer M"]
[Black "Josse, Mark"]
[Result "1/2-1/2"]
[WhiteElo "2080"]
[BlackElo "2140"]
[PlyCount "72"]
[EventDate "2008.03.15"]
[EventType "team"]
[EventRounds "11"]
[EventCountry "ENG"]
[SourceDate "2007.09.15"]

1. c4 c6 2. e4 d5 3. exd5 cxd5 4. d4 Nf6 5. Nc3 Nc6 6. Nf3 Bg4 7. cxd5 Nxd5 8.
Qb3 Bxf3 9. gxf3 e6 10. Qxb7 Nxd4 11. Bb5+ Nxb5 12. Qc6+ Ke7 13. Qxb5 Qd7 14.
Nxd5+ Qxd5 15. Qxd5 exd5 16. Be3 Kd7 17. O-O Be7 18. Rfd1 Ke6 19. a3 Bf6 20.
Bd4 Rhd8 21. Rac1 Bxd4 22. Rxd4 Ke5 23. Ra4 d4 24. Re1+ Kf5 25. Ra5+ Kf6 26.
Rc5 Rac8 27. b4 Rxc5 28. bxc5 Rc8 29. Re4 Rxc5 30. Rxd4 Ra5 31. a4 h5 32. Kg2
Ke5 33. Re4+ Kf5 34. Kg3 f6 35. Rb4 g6 36. f4 a6 1/2-1/2

[Event "4NCL/Div4/CELT1 vs. MET"]
[Site "Sunningdale ENG"]
[Date "2008.03.15"]
[Round "7.5"]
[White "Thomas, Robert K"]
[Black "Vachtfeidl, Petr"]
[Result "1-0"]
[WhiteElo "2130"]
[BlackElo "2008"]
[PlyCount "87"]
[EventDate "2008.03.15"]
[EventType "team"]
[EventRounds "11"]
[EventCountry "ENG"]
[SourceDate "2007.09.15"]

1. d4 Nf6 2. c4 g6 3. Nc3 d5 4. cxd5 Nxd5 5. e4 Nxc3 6. bxc3 Bg7 7. Bc4 c5 8.
Ne2 O-O 9. O-O Nc6 10. Be3 Bd7 11. dxc5 Qc7 12. f3 Rac8 13. Rb1 Na5 14. Bd3
Rfd8 15. Qc1 Be6 16. Nd4 Bxa2 17. Nb5 Qb8 18. Ra1 Rxd3 19. Rxa2 Nc4 20. Bf4 e5
21. Nxa7 Rcd8 22. Bg5 f6 23. Qb1 fxg5 24. Qb3 Kh8 25. Qxc4 Bf8 26. Nb5 Qc8 27.
Nd4 Rxc3 28. Qxc3 Bxc5 29. Qb3 Bxd4+ 30. Kh1 Qc6 31. Rc2 Qa6 32. Rfc1 b5 33.
Rc6 Qa5 34. Qf7 Bb6 35. Qf6+ Kg8 36. Rxb6 Qd2 37. Qe6+ Kh8 38. Qxe5+ Kg8 39.
Qa1 g4 40. Rb7 Rd7 41. Rxd7 Qxd7 42. Qc3 Qa7 43. Qc8+ Kg7 44. Rc7+ 1-0

[Event "4NCL/Div4/CELT1 vs. MET"]
[Site "Sunningdale ENG"]
[Date "2008.03.15"]
[Round "7.6"]
[White "Cooke, Charlie"]
[Black "French, Angus"]
[Result "0-1"]
[WhiteElo "1845"]
[BlackElo "2115"]
[PlyCount "116"]
[EventDate "2008.03.15"]
[EventType "team"]
[EventRounds "11"]
[EventCountry "ENG"]
[SourceDate "2007.09.15"]

1. d4 d5 2. c4 c6 3. e3 Bf5 4. Nc3 Nf6 5. Bd3 Bxd3 6. Qxd3 e6 7. Nf3 Bd6 8. e4
dxe4 9. Nxe4 Nxe4 10. Qxe4 Nd7 11. O-O Nf6 12. Qe2 h6 13. a3 O-O 14. Re1 Qc7
15. Ne5 a5 16. Bf4 c5 17. dxc5 Qxc5 18. Qf3 Qc7 19. c5 Qxc5 20. Qxb7 Qd5 21.
Qxd5 Nxd5 22. Bg3 Rfc8 23. Rac1 Bc5 24. Nd3 Bd4 25. Be5 Bxe5 26. Nxe5 Rcb8 27.
Rc2 Rb3 28. Kf1 Rab8 29. Nc4 a4 30. g3 h5 31. Ree2 h4 32. Ke1 g6 33. Na5 hxg3
34. hxg3 R3b5 35. Nc6 Ra8 36. Ne5 Kg7 37. Nc4 Rh8 38. Ne3 Rh1+ 39. Kd2 Nf6 40.
Re1 Ne4+ 41. Ke2 Rh2 42. Kf3 f5 43. Rg1 Rb3 44. Rg2 Rh1 45. Ke2 Rh8 46. Kd1
Nxf2+ 47. Rcxf2 Rxe3 48. Rf4 Ra8 49. g4 e5 50. Rb4 f4 51. Rb7+ Kf6 52. g5+ Kf5
53. Rf7+ Ke4 54. Rf6 Rd8+ 55. Rd2 Rxd2+ 56. Kxd2 f3 57. Rf8 Re2+ 58. Kd1 Rg2
0-1

[Event "4NCL/Div4/PONTY vs. AMCAD"]
[Site "Sunningdale ENG"]
[Date "2008.03.15"]
[Round "7.1"]
[White "Gilbert, Jonathan A"]
[Black "Norman, Kenneth I"]
[Result "1-0"]
[WhiteElo "2062"]
[BlackElo "2154"]
[PlyCount "45"]
[EventDate "2008.03.15"]
[EventType "team"]
[EventRounds "11"]
[EventCountry "ENG"]
[SourceDate "2007.09.15"]

1. d4 Nf6 2. Nf3 g6 3. Nc3 d5 4. Bf4 Bg7 5. e3 Bg4 6. h3 Bxf3 7. Qxf3 c6 8.
O-O-O Nbd7 9. g4 b5 10. Bd3 b4 11. Ne2 Qa5 12. Kb1 O-O 13. h4 Rfc8 14. h5 c5
15. hxg6 hxg6 16. Qh3 Nf8 17. Bh6 Bxh6 18. Qxh6 N6h7 19. Nf4 c4 20. Nh5 gxh5
21. Bxh7+ Nxh7 22. Rxh5 e6 23. Rdh1 1-0

[Event "4NCL/Div4/PONTY vs. AMCAD"]
[Site "Sunningdale ENG"]
[Date "2008.03.15"]
[Round "7.2"]
[White "Bonafont, Philip"]
[Black "Sully, David"]
[Result "1-0"]
[WhiteElo "2103"]
[BlackElo "2112"]
[PlyCount "109"]
[EventDate "2008.03.15"]
[EventType "team"]
[EventRounds "11"]
[EventCountry "ENG"]
[SourceDate "2007.09.15"]

1. d4 e6 2. Nf3 f5 3. Bf4 Nf6 4. e3 Bd6 5. c4 Bxf4 6. exf4 b6 7. Nc3 Bb7 8. Bd3
O-O 9. O-O Ne4 10. Rc1 Qf6 11. Re1 Nxc3 12. Rxc3 Qh6 13. Ng5 c6 14. Bc2 Qf6 15.
Bb3 Na6 16. c5 Nc7 17. Rce3 Rae8 18. Nf3 Bc8 19. Qd2 Qh6 20. g3 Qf6 21. Qb4 Qe7
22. Qc3 bxc5 23. dxc5 Nb5 24. Qc2 Qf6 {=} 25. Rd1 h6 26. h4 g6 27. a4 Nc7 28.
Rde1 Re7 29. Kg2 Rh7 30. Bc4 Ba6 31. Ba2 Kh8 32. Qd2 Rb8 33. b4 Rg8 34. Qd6 Qb2
35. Qxc7 Qxa2 36. Qe5+ Rhg7 37. Rd1 Kh7 38. Rh1 Re8 39. Ra1 Qc4 40. Rb1 Qc2 41.
Qa1 Qc4 42. Reb3 Qd5 43. Qc3 Be2 44. Kg1 Bxf3 45. Qxf3 Qc4 46. Qe3 Rc8 47. Rd1
Qa6 48. Rbd3 Rc7 49. Qe5 Rb7 50. a5 Qb5 51. Rd4 Rf7 52. Kg2 h5 53. R1d3 Qa4 54.
Qe1 Qc2 55. a6 1-0

[Event "4NCL/Div4/PONTY vs. AMCAD"]
[Site "Sunningdale ENG"]
[Date "2008.03.15"]
[Round "7.3"]
[White "Adams, Mark A"]
[Black "Purdon, Colin"]
[Result "1/2-1/2"]
[WhiteElo "2022"]
[BlackElo "2125"]
[PlyCount "63"]
[EventDate "2008.03.15"]
[EventType "team"]
[EventRounds "11"]
[EventCountry "ENG"]
[SourceDate "2007.09.15"]

1. e4 e5 2. Nf3 Nc6 3. Bb5 a6 4. Ba4 Nf6 5. d3 d6 6. c3 g6 7. Nbd2 Bg7 8. Nf1
O-O 9. Ng3 b5 10. Bc2 d5 11. Qe2 h6 12. O-O Be6 13. Re1 Qe7 14. d4 exd4 15. e5
Nd7 16. cxd4 Nb4 17. Bb1 c5 18. dxc5 Nxc5 19. Nd4 Rac8 20. f4 Qh4 21. Qe3 Nc6
22. Nf3 Qe7 23. f5 gxf5 24. Nxf5 Bxf5 25. Bxf5 Ne6 26. Qf2 Rc7 27. Qg3 Ncd4 28.
Nxd4 Nxd4 29. Bb1 Rxc1 30. Bh7+ Kxh7 31. Raxc1 Ne6 32. Qd3+ 1/2-1/2

[Event "4NCL/Div4/PONTY vs. AMCAD"]
[Site "Sunningdale ENG"]
[Date "2008.03.15"]
[Round "7.4"]
[White "Morris-Hill, Ray"]
[Black "Davis, Lee"]
[Result "1/2-1/2"]
[WhiteElo "2129"]
[BlackElo "2056"]
[PlyCount "38"]
[EventDate "2008.03.15"]
[EventType "team"]
[EventRounds "11"]
[EventCountry "ENG"]
[SourceDate "2007.09.15"]

1. d4 Nf6 2. Nf3 g6 3. Nc3 Bg7 4. e4 d6 5. Be3 O-O 6. Qd2 c6 7. Bh6 Qa5 8. Bxg7
Kxg7 9. h3 e5 10. Bd3 exd4 11. Nxd4 Re8 12. O-O Qb4 13. Nf5+ Bxf5 14. exf5 Qh4
15. Rae1 Nbd7 16. Rxe8 Rxe8 17. Re1 Rxe1+ 18. Qxe1 Nc5 19. Qe3 Nxd3 1/2-1/2

[Event "4NCL/Div4/PONTY vs. AMCAD"]
[Site "Sunningdale ENG"]
[Date "2008.03.15"]
[Round "7.5"]
[White "Waterfield, John"]
[Black "McCullough, Simon L"]
[Result "1/2-1/2"]
[WhiteElo "2015"]
[BlackElo "2080"]
[PlyCount "45"]
[EventDate "2008.03.15"]
[EventType "team"]
[EventRounds "11"]
[EventCountry "ENG"]
[SourceDate "2007.09.15"]

1. e4 e6 2. d4 d5 3. Nd2 Nf6 4. Bd3 c5 5. c3 cxd4 6. cxd4 Nc6 7. Ngf3 Be7 8.
O-O O-O 9. e5 Nd7 10. Re1 f6 11. exf6 Bxf6 12. Rxe6 Nxd4 13. Nxd4 Bxd4 14. Nf3
Nc5 15. Nxd4 Nxe6 16. Nxe6 Bxe6 17. Qh5 g6 18. Bxg6 Qe7 19. Bh6 hxg6 20. Qxg6+
Kh8 21. Bxf8 Rxf8 22. Qh6+ Kg8 23. Qg6+ 1/2-1/2

[Event "4NCL/Div4/PONTY vs. AMCAD"]
[Site "Sunningdale ENG"]
[Date "2008.03.15"]
[Round "7.6"]
[White "Duvall, Ian"]
[Black "Robinson, David"]
[Result "1/2-1/2"]
[WhiteElo "2045"]
[BlackElo "1985"]
[PlyCount "132"]
[EventDate "2008.03.15"]
[EventType "team"]
[EventRounds "11"]
[EventCountry "ENG"]
[SourceDate "2007.09.15"]

1. d4 c5 2. c3 Nf6 3. Nf3 g6 4. Bf4 Bg7 5. Nbd2 O-O 6. e4 cxd4 7. cxd4 d6 8.
Bd3 Nc6 9. O-O Bg4 10. h3 Bxf3 11. Nxf3 Rc8 12. Qb3 Nd7 13. Be3 Qb6 14. Qxb6
Nxb6 15. Rac1 Nb4 16. Bb1 Rxc1 17. Rxc1 Rc8 18. Rxc8+ Nxc8 19. a3 Nc6 20. Ba2
b6 21. Ng5 Nd8 22. Kf1 e6 23. Ke2 Ne7 24. Kd3 h6 25. Nf3 d5 26. e5 Kf8 27. Bb3
Ke8 28. Ba4+ Nec6 29. Nh2 Kd7 30. g4 a6 31. f4 b5 32. Bc2 Na5 33. b3 Bf8 34.
Nf3 Ndc6 35. Bc1 Ne7 36. Ke3 Nac6 37. Nh4 Na5 38. Bd2 Nac6 39. b4 Nc8 40. f5
gxf5 41. gxf5 Nb6 42. fxe6+ fxe6 43. Bc1 Nc4+ 44. Kd3 Ne7 45. Bb3 Ke8 46. Bd1
Kd7 47. Bh5 Bg7 48. Bf7 Nc6 49. Bh5 a5 50. bxa5 N6xa5 51. Bd1 Nc6 52. Ng6 Ne7
53. Nxe7 Kxe7 54. Kc3 Kd7 55. a4 bxa4 56. Bxa4+ Kc7 57. Bb5 Nxe5 58. dxe5 Bxe5+
59. Kc2 h5 60. Bg5 Bg3 61. h4 Kd6 62. Be8 Ke5 63. Bxh5 Kf5 64. Bf7 d4 65. Kd3
Be5 66. Be8 Bf6 1/2-1/2